Marvels of Modern Science (Record no. 235467)
[ view plain ]
| 000 -LEADER | |
|---|---|
| fixed length control field | 01174cam a22002893a 4500 |
| 001 - CONTROL NUMBER | |
| control field | 6139 |
| 003 - CONTROL NUMBER IDENTIFIER | |
| control field | PGUSA |
| 005 - DATE AND TIME OF LATEST TRANSACTION | |
| control field | 20140828083128.0 |
| 008 - FIXED-LENGTH DATA ELEMENTS--GENERAL INFORMATION | |
| fixed length control field | 040701s2004||||xxu|||||s|||||000 | eng d |
| 040 ## - CATALOGING SOURCE | |
| Original cataloging agency | PGUSA |
| Language of cataloging | eng |
| 042 ## - AUTHENTICATION CODE | |
| Authentication code | dc |
| 050 #4 - LIBRARY OF CONGRESS CALL NUMBER | |
| Classification number | T |
| 100 1# - MAIN ENTRY--PERSONAL NAME | |
| Personal name | Severing, Paul |
| 245 10 - TITLE STATEMENT | |
| Title | Marvels of Modern Science |
| Medium | [electronic resource] / |
| Statement of responsibility, etc | Paul Severing |
| 260 ## - PUBLICATION, DISTRIBUTION, ETC. (IMPRINT) | |
| Name of publisher, distributor, etc | Project Gutenberg, |
| Date of publication, distribution, etc | 2004 |
| 505 0# - FORMATTED CONTENTS NOTE | |
| Formatted contents note | Flying machines -- Wireless telegraphy -- Radium -- Moving pictures -- Sky-scrapers and how they are built -- Ocean palaces -- Wonderful creations in plant life -- Latest discoveries in archaeology -- Great tunnels of the world -- Electricity in the household -- Harnessing the water-fall -- Wonderful war ships -- A talk on big guns -- Mystery of the stars -- Can we communicate with other worlds? |
| 506 ## - RESTRICTIONS ON ACCESS NOTE | |
| Terms governing access | Public domain in the USA. |
| 516 ## - TYPE OF COMPUTER FILE OR DATA NOTE | |
| Type of computer file or data note | Electronic text |
| 653 ## - INDEX TERM--UNCONTROLLED | |
| Uncontrolled term | Inventions |
| 653 ## - INDEX TERM--UNCONTROLLED | |
| Uncontrolled term | Science |
| 653 ## - INDEX TERM--UNCONTROLLED | |
| Uncontrolled term | Technology and civilization |
| 653 ## - INDEX TERM--UNCONTROLLED | |
| Uncontrolled term | Technology -- Social aspects |
| 700 1# - ADDED ENTRY--PERSONAL NAME | |
| Personal name | Waters, Theodore, |
| Dates associated with a name | 1870- |
| 830 #0 - SERIES ADDED ENTRY--UNIFORM TITLE | |
| Uniform title | Project Gutenberg |
| Volume number/sequential designation | 6139 |
| 856 40 - ELECTRONIC LOCATION AND ACCESS | |
| Uniform Resource Identifier | <a href="http://www.gutenberg.org/ebooks/6139">http://www.gutenberg.org/ebooks/6139</a> |
| 942 ## - ADDED ENTRY ELEMENTS (KOHA) | |
| Koha item type | eBooks |
| Withdrawn status | Lost status | Damaged status | Home library | Current library | Date acquired | Total Checkouts | Date last seen | Price effective from | Koha item type |
|---|---|---|---|---|---|---|---|---|---|
| Project Gutenberg | Project Gutenberg | 08/28/2014 | 08/28/2014 | 08/28/2014 | eBooks |